000 01837nam1a2200277 i 4500
001 RU\NLR\BIBL_A\011217553
005 20241103133128.0
010 _a9785730710788
035 _a(NLR Aleph) 011217553
090 _a12005811
_c12005811
100 _a20160627g20169999k y0rusy50 ca
101 0 _arus
_deng
102 _aRU
105 _a||||z|||1||||
200 1 _aСовременная экономика: концепции и модели инновационного развития
_eматериалы VIII международной научно-практической конференции, 19-20 февраля 2016 г.
_eв 3 кн.
_f[редкол.: д.э.н. В.И. Гришин и др.]
210 _aМосква
_cФГБОУ ВО "РЭУ им. Г.В. Плеханова"
_d2016
215 _d21
300 _aВ надзаг.: М-во образования и науки Рос. Федерации, Федер. гос. бюджет. образоват. учреждение высш. образования "Рос. экон. ун-т им. Г.В. Плеханова" (ФГБОУ ВО "РЭУ им. Г.В. Плеханова")
606 _aИнновационная деятельность
_jСъезды, совещания и т.п
_92104761
_3RU\NLR\AUTH\661272548
686 1 _aУ5-55я431
702 1 _aГришин
_bВ. И.
_gВиктор Иванович
_4340
711 1 2 _a"Современная экономика: концепции и модели инновационного развития", международная научно-практическая конференция
_d8
_eМосква
_f2016
_9522247
_3RU\NLR\AUTH\880428891
852 _aNLR
_j2016-3/20027
942 _cBOOK